[Event "11th EICC Men"]
[Site "Rijeka CRO"]
[Date "2010.03.11"]
[Round "6"]
[White "Najer,E"]
[Black "Halkias,S"]
[Result "1/2-1/2"]
[WhiteElo "2665"]
[BlackElo "2580"]

1.e4 d6 2.d4 Nf6 3.Nc3 e5 4.Nf3 Nbd7 5.Bc4 Be7 6.O-O O-O 7.a4 a5 8.Re1 c6
9.h3 h6 10.Ba2 Re8 11.Be3 Qc7 12.Nh4 Nf8 13.Qf3 exd4 14.Bxd4 Ne6 15.Be3 Ng5
16.Bxg5 hxg5 17.Nf5 Bd8 18.Ne3 Qe7 19.Rad1 Bc7 20.Re2 g6 21.Red2 Kg7 22.Rd4 Rh8
23.Ne2 Bd7 24.Ng3 Rh4 25.Nc4 Be6 26.Qe3 Rf4 27.Ne2 Bxc4 28.Rxc4 Rxe4 29.Rxe4 Qxe4
30.Qb3 d5 31.Nd4 Re8 32.Nf3 Re7 33.c4 g4 34.hxg4 Qxg4 35.Qc3 Bb6 36.Kf1 d4
37.Qa3 c5 38.Rxd4 Qe6 39.Rd2 Ne4 40.Rd5 Bc7 41.Qd3 b6 42.Qc2 Nf6 43.Rd1 Qg4
44.Re1 Rxe1+ 45.Nxe1 Qh5 46.Bb1 Be5 47.Nf3 Ng4 48.Kg1 Bh2+ 49.Kf1 Be5 50.Kg1 Qh6
51.Nxe5 Qh2+ 52.Kf1 Qxe5 53.Qc3 Qxc3 54.bxc3 Ne5 55.Ba2 Nd3 56.Bb3 Nc1 57.Bc2 Na2
58.f3 Kf6 59.Kf2 Nxc3 60.Bb3 b5 61.cxb5 c4 62.Bxc4 Nxa4 63.Ke3 Nb6 64.Kd4 Ke7
65.Ba2 Kd6 66.Bxf7 g5 67.Ba2 a4 68.g4 a3 69.Bg8 Nd7 70.Bb3 Ne5 71.Ke4 Ng6
72.Kf5 Nh4+ 73.Kxg5 Nxf3+ 74.Kf6 Kc5 75.g5  1/2-1/2

[Event "26th ChessOrg Schachfestival"]
[Site "Bad Woerishofen GER"]
[Date "2010.03.12"]
[Round "7"]
[White "Rolle,E"]
[Black "Kozlov,Alex GER"]
[Result "1/2-1/2"]
[WhiteElo "2270"]
[BlackElo "2163"]

1.d4 d6 2.e4 Nf6 3.Nc3 e5 4.Nf3 Nbd7 5.Bc4 Be7 6.O-O O-O 7.dxe5 Nxe5 8.Nxe5 dxe5
9.Qe2 c6 10.a4 a5 11.h3 h6 12.b3 Qc7 13.Bb2 Nd7 14.Nd1 Nc5 15.Re1 Ne6 16.Qh5 Bf6
17.Bxe6 Bxe6 18.f4 g6 19.Qxh6 Bg7 20.Qg5 exf4 21.Bxg7 Kxg7 22.e5 Qb6+ 23.Nf2 Bf5
24.Qxf4 Bxc2 25.Kh2 Qd8 26.Re3 Bf5 27.Rd1 Qe7 28.Rd6 Be6 29.Ne4 Rad8 30.Red3 Bd5
31.Rxd8 Rxd8 32.Nf6 Be6 33.Rg3 Rh8 34.Rd3 Rd8 35.Rg3 Rh8  1/2-1/2

[Event "11th EICC Men"]
[Site "Rijeka CRO"]
[Date "2010.03.12"]
[Round "7"]
[White "Todorovic,GM"]
[Black "Gagunashvili,M"]
[Result "1/2-1/2"]
[WhiteElo "2453"]
[BlackElo "2582"]

1.e4 d6 2.d4 Nf6 3.Nc3 e5 4.Nf3 Nbd7 5.Bc4 Be7 6.O-O O-O 7.Qe2 c6 8.a4 h6
9.Rd1 Qc7 10.a5 Re8 11.h3 Nf8 12.Bb3 Ng6 13.Be3 Bf8 14.dxe5 dxe5 15.Nd2 Nf4
16.Qf3 Nh7 17.Bxf4 exf4 18.Ne2 Bd6 19.Qd3 Ng5 20.h4 Ne6 21.Nc4 Be5 22.Qf3 Nc5
23.Nxe5 Nxb3 24.cxb3 Qxe5 25.Nxf4 Qxb2 26.Ra4 Qe5 27.Nd3 Qc3 28.b4 Be6 29.Nc5 Qxf3
30.gxf3 Bc4 31.Kg2 Rab8 32.Raa1 b6 33.axb6 axb6 34.Nd3 Red8 35.Nf4 Bb5 36.Kg3 g6
37.h5 g5 38.Ng2 Bc4 39.Ne3 Rxd1 40.Rxd1 Be6 41.f4 gxf4+ 42.Kxf4 c5 43.bxc5 bxc5
44.Rc1 Rc8 45.Ke5 Kf8 46.Rc3 Ke7 47.Nd5+ Bxd5 48.Kxd5 Rd8+ 49.Kxc5 f5 50.exf5 Kf6  1/2-1/2

[Event "11th EICC Men"]
[Site "Rijeka CRO"]
[Date "2010.03.12"]
[Round "7"]
[White "Levine,Y"]
[Black "Schiendorfer,E"]
[Result "1-0"]
[WhiteElo "2096"]
[BlackElo "2340"]

1.e4 d6 2.d4 Nf6 3.Nc3 Nbd7 4.Nge2 e5 5.g3 Be7 6.Bg2 c6 7.a4 b6 8.O-O O-O
9.h3 Qc7 10.f4 Bb7 11.Be3 a6 12.Qd3 b5 13.Nd1 exd4 14.Bxd4 c5 15.Bxf6 Bxf6
16.c4 bxc4 17.Qxc4 d5 18.Qc2 dxe4 19.Ne3 Nb6 20.Rfd1 Rad8 21.Ng4 Nd7 22.Rac1 h5
23.Ne3 Nb6 24.a5 Nd7 25.Nc4 e3 26.Bxb7 Qxb7 27.Rd3 Nb8 28.Rcd1 Qe4 29.Nxe3 Nc6
30.Rc3 Qf3 31.Rf1 Nd4 32.Rxf3 Nxf3+ 33.Kf2 Nd4 34.Qa4 Rfe8 35.Rd3 h4 36.g4 g5
37.Nxd4 Bxd4 38.Kf3 gxf4 39.Nf5  1-0

[Event "11th EICC Men"]
[Site "Rijeka CRO"]
[Date "2010.03.12"]
[Round "7"]
[White "Baghdasaryan,V"]
[Black "Krauss,Jo"]
[Result "1-0"]
[WhiteElo "2284"]
[BlackElo "2100"]

1.e4 d6 2.d4 Nf6 3.Nc3 Nbd7 4.f4 e5 5.Nf3 exd4 6.Qxd4 c6 7.Be3 d5 8.e5 Ng4
9.Bg1 Nh6 10.O-O-O Nf5 11.Qd2 h5 12.Nxd5 cxd5 13.Qxd5 Ne7 14.Qb3 Nc6 15.Bc4 Qe7
16.Ng5 Ncxe5 17.fxe5 Qxg5+ 18.Be3 Qxe5 19.Bxf7+ Kd8 20.Rhe1 Bd6 21.Bb6+ axb6
22.Rxe5 Bxe5 23.Qxb6+ Bc7 24.Qd4 Ra5 25.Be6 Rh6 26.Qc4 Re5 27.Bxd7 Bxd7 28.Qg8+ Re8
29.Rxd7+  1-0

[Event "11th EICC Men"]
[Site "Rijeka CRO"]
[Date "2010.03.12"]
[Round "7"]
[White "Pavlidis,Ant"]
[Black "Llaneza Vega,M"]
[Result "0-1"]
[WhiteElo "2376"]
[BlackElo "2514"]

1.e4 d6 2.d4 Nf6 3.Nc3 e5 4.Nf3 Nbd7 5.g4 Nxg4 6.Rg1 exd4 7.Nxd4 Ngf6 8.Be3 Ne5
9.Be2 c5 10.Nb3 Be6 11.f4 Nc6 12.f5 Bd7 13.Bf4 Ne5 14.Qd2 Bc6 15.O-O-O Qb6
16.Bxe5 dxe5 17.Bc4 Qb4 18.Qe2 g6 19.fxg6 hxg6 20.a3 Qb6 21.Bxf7+ Kxf7 22.Qc4+ Kg7
23.Rxg6+ Kxg6 24.Rg1+ Kh6 25.Qd3 Kh7 26.Kb1 Bh6 27.Qf3 Rhf8 28.Qf5+ Kh8 29.Qh3 Ng8
30.Qe6 Be8  0-1

[Event "26th ChessOrg Schachfestival"]
[Site "Bad Woerishofen GER"]
[Date "2010.03.13"]
[Round "8"]
[White "Abergel,T"]
[Black "Rusev,K"]
[Result "1/2-1/2"]
[WhiteElo "2547"]
[BlackElo "2543"]

1.e4 d6 2.d4 Nf6 3.Nc3 e5 4.Nf3 Nbd7 5.Bc4 Be7 6.O-O O-O 7.Re1 a6 8.a4 b6
9.Ba2 c6 10.h3 Rb8 11.Rb1 b5 12.axb5 axb5 13.b4 Qc7 14.Be3 exd4 15.Nxd4 Re8
16.f4 Bf8 17.Qd3 Bb7 18.Rbd1 Nb6 19.Nf5 Nc4 20.Bd4 Qd8 21.Qg3 g6 22.Qg5 Re6
23.Bxc4 bxc4 24.Nh6+ Bxh6 25.Qxh6 Qf8 26.Qh4 Nd7 27.f5 Ree8 28.Rf1 Qe7 29.Qh6 Qf8
30.Qxf8+ Nxf8 31.Bf6 d5 32.exd5 cxd5 33.Nxd5 Bxd5 34.Rxd5 Rxb4 35.Bc3 Ra4
36.Rc5 Re2 37.Rc8 Rxc2 38.Bd4 Rca2 39.Re1 Ra8 40.Ree8 Rxc8 41.Rxc8 c3 42.Bxc3 Rc2
43.f6 g5 44.Kf1 h5 45.Ke1 h4 46.Kd1 Rxc3 47.Rxc3 Kh7 48.Ke2 Kg6 49.Ke3 Nd7
50.Rc6 Nxf6 51.Ra6 Kf5 52.Ra5+ Kg6 53.Kd4 Nh5 54.Ke5 f6+ 55.Ke4 Nf4 56.Ra2 Nh5
57.Rf2 Ng3+ 58.Kd5 Nh5 59.Ra2 Kf5 60.Rf2+ Kg6 61.Ke4 Ng3+ 62.Kf3 Nh5 63.Rb2 Nf4
64.Rb4 Kf5 65.Rd4 Ne6 66.Rd5+ Kg6 67.Ke4 Nf4 68.Rd2 Nh5  1/2-1/2

[Event "FSIM March"]
[Site "Budapest HUN"]
[Date "2010.03.13"]
[Round "8"]
[White "Szalanczy,E"]
[Black "Berczes,C"]
[Result "0-1"]
[WhiteElo "2280"]
[BlackElo "2376"]

1.e4 d6 2.d4 Nf6 3.Nc3 e5 4.Nf3 Nbd7 5.Bc4 Be7 6.O-O O-O 7.a3 c6 8.Ba2 b6
9.Bg5 Qc7 10.Nh4 Re8 11.Nf5 Bf8 12.d5 c5 13.Qf3 Ba6 14.Rfe1 Qd8 15.a4 h6
16.Bd2 Kh7 17.Qh3 Ng8 18.Nb5 Bxb5 19.axb5 g6 20.Ne3 Ndf6 21.Nc4 a6 22.Qb3 Qc7
23.Na3 a5 24.Qf3 h5 25.Bc4 Bh6 26.Bc3 Qd7 27.Bd3 Rab8 28.Nc4 Bf8 29.h3 Qe7
30.Qg3 Bh6 31.Re2 Nd7 32.Rf1 Bf4 33.Qf3 Ngf6 34.g3 Bh6 35.Qg2 h4 36.f4 hxg3
37.fxe5 dxe5 38.Qxg3 Nh5 39.Qg4 Nf4 40.Ref2 Qg5 41.Kh2 Qxg4 42.hxg4 f6 43.Kg3 Rh8
44.Rh1 Kg7 45.Rfh2 Nxd3 46.Rxh6 Rxh6 47.Rxh6 Nxb2 48.Rxg6+ Kxg6 49.Bxb2 Rh8
50.Kg2 Kg5 51.Kg3 Rh1 52.Bc3 a4 53.Bd2+ Kg6 54.Bc3 Rc1 55.Na3 Rg1+ 56.Kf3 Rf1+
57.Ke2 Rf4 58.g5 fxg5 59.Ke3 g4 60.Nc4 Rf3+ 61.Kd2 Kf6 62.Ne3 Kg5 63.Ke2 a3
64.Ba1 a2 65.Ng2 Rf8 66.Ne3 Rf4 67.Kd3 g3 68.d6 Rf2 69.Kc4 g2 70.Nxg2 Rxg2
71.Kd5 Rg1 72.Bc3 a1=Q 73.Bxa1 Rxa1 74.Kc6 Ra7 75.c4 Kf6 76.Kd5 Nb8  0-1

[Event "Frauenbundesliga 2009-10"]
[Site "Germany GER"]
[Date "2010.03.13"]
[Round "8"]
[White "Petrenko,S"]
[Black "Hess,O"]
[Result "1/2-1/2"]
[WhiteElo "2247"]
[BlackElo "2180"]

1.e4 d6 2.d4 Nf6 3.Nc3 e5 4.Nf3 Nbd7 5.Bc4 Be7 6.h3 O-O 7.O-O c6 8.Bb3 b5
9.a3 Bb7 10.Re1 Qc7 11.Bg5 a5 12.d5 b4 13.dxc6 Bxc6 14.axb4 axb4 15.Nd5 Bxd5
16.exd5 Nc5 17.Bc4 Nce4 18.Bxf6 Nxf6 19.b3 Rxa1 20.Qxa1 Qc5 21.Qa4 Bd8 22.Qc6 Bb6
23.Qxc5 Bxc5 24.Nd2 Ra8 25.Kf1 Ra2 26.Rc1 Bd4 27.Ke2 Bb2 28.Rd1 Bc3 29.Kd3 Bxd2
30.Rxd2 Kf8 31.Rd1 Nd7 32.f3 Nc5+ 33.Kd2 Ke7 34.g4 g6 35.h4 Nd7 36.Bb5 Nb6
37.Bc6 Ra5 38.Ke3 Rc5 39.Rd2 f5 40.gxf5 gxf5 41.Rg2 Rc3+ 42.Kd2 Kf7 43.h5 Rxf3
44.h6 Rh3 45.Rg7+ Kf6 46.Rxh7 Rh2+ 47.Kd1 Rh1+ 48.Kd2 Rh2+ 49.Kd1  1/2-1/2

[Event "ITT Benko Club Argentino"]
[Site "Buenos Aires ARG"]
[Date "2010.03.14"]
[Round "8"]
[White "Dos Santos,R"]
[Black "Perelman,H"]
[Result "1/2-1/2"]
[WhiteElo "2436"]
[BlackElo "2312"]

1.e4 d6 2.d4 Nf6 3.Nc3 e5 4.Nf3 Nbd7 5.Bc4 Be7 6.O-O O-O 7.Re1 c6 8.a4 a5
9.Ba2 h6 10.Nh4 Nxe4 11.Nxe4 Bxh4 12.dxe5 d5 13.Ng3 Re8 14.Qh5 g6  1/2-1/2

[Event "11th EICC Men"]
[Site "Rijeka CRO"]
[Date "2010.03.14"]
[Round "8"]
[White "Hovhannisyan,R"]
[Black "Khairullin,I"]
[Result "1/2-1/2"]
[WhiteElo "2498"]
[BlackElo "2617"]

1.e4 d6 2.d4 Nf6 3.Nc3 e5 4.dxe5 dxe5 5.Qxd8+ Kxd8 6.Bc4 Ke8 7.Nf3 Bd6 8.Bg5 Nbd7
9.O-O-O a6 10.a4 h6 11.Bh4 Kf8 12.Nd2 Bb4 13.Nd5 Nxd5 14.Bxd5 c6 15.Ba2 b5
16.f3 g6 17.c3 Be7 18.Bg3 Kg7 19.Nb3 Ra7 20.Na5 Rc7 21.Kc2 h5 22.h4 f6 23.Rhe1 Re8
24.Bf2 Nc5  1/2-1/2

[Event "11th EICC Women"]
[Site "Rijeka CRO"]
[Date "2010.03.14"]
[Round "8"]
[White "Zimina,O"]
[Black "Ivakhinova,I"]
[Result "0-1"]
[WhiteElo "2319"]
[BlackElo "2218"]

1.e4 d6 2.d4 Nf6 3.Nc3 e5 4.Nf3 Nbd7 5.Bc4 Be7 6.O-O O-O 7.h3 a6 8.a4 b6
9.Re1 Bb7 10.Ba2 c6 11.dxe5 dxe5 12.Bg5 Qc7 13.Nh4 Nc5 14.Nf5 b5 15.Qf3 b4
16.Ne2 Bd8 17.Neg3 Ne8 18.Bd2 a5 19.Nh5 Kh8 20.Be3 Ne6 21.Nh6 Qe7 22.Nf5 Qc7
23.Rad1 c5 24.Bd5 Nd4 25.Nxd4 cxd4 26.Bd2 Nf6 27.Bxb7 Qxb7 28.Nxg7 Kxg7 29.Qg3+ Kh8
30.Bh6 Rg8 31.Qxe5 Rg6 32.Bg5 Qc6 33.Rxd4 Be7 34.Qf5 Rag8 35.h4 h6  0-1

[Event "11th EICC Men"]
[Site "Rijeka CRO"]
[Date "2010.03.14"]
[Round "8"]
[White "Monjac,M"]
[Black "Hetzer,V"]
[Result "1-0"]
[WhiteElo "1876"]
[BlackElo "2086"]

1.e4 d6 2.d4 Nf6 3.Nc3 c6 4.Nf3 g6 5.Bd3 Bg7 6.O-O O-O 7.a4 a5 8.Re1 Bg4
9.h3 Bxf3 10.Qxf3 e5 11.dxe5 dxe5 12.Bg5 Nbd7 13.Rad1 Qc7 14.Bc4 h6 15.Bh4 Rae8
16.Rd2 Nb6 17.Bb3 Nfd7 18.Red1 Nc5 19.Ba2 Ne6 20.Bxe6 fxe6 21.Qg4 Qf7 22.b3 Bf6
23.f3 h5 24.Qg3 Bxh4 25.Qxh4 Qe7 26.Qg3 Qc5+ 27.Kh2 Kg7 28.Ne2 Rf7 29.Qg5 Ref8
30.Ng3 Kh7 31.Rd6 Rf6 32.f4 Qe3 33.Qxe5 Qxf4 34.Qxf4 Rxf4 35.Rxe6 R4f6 36.Re5 Rf2
37.Rc1 h4 38.Nh1 Re2 39.Re7+ Kh6 40.Rxb7 Nc8 41.Rd7 Rxe4 42.Rd2 Ne7 43.Nf2 Re6
44.Ng4+ Kg5 45.Rd7 Rf5 46.c4 Re2 47.Ra7 Rf3 48.Rxe7 Rxh3+ 49.Kxh3 Rxe7 50.Rc3 Re4
51.Nf2 Re2 52.Rf3 Kh5 53.g3 g5 54.gxh4 gxh4 55.Nd3 Re4 56.Nc5 Re1 57.Rf5+ Kg6
58.Rf4 Kg5 59.Rg4+ Kf5 60.Rxh4 Rh1+ 61.Kg3 Rg1+ 62.Kf3 Rg5 63.Re4 Rh5 64.Ke3 Kf6
65.Re6+  1-0

[Event "11th EICC Men"]
[Site "Rijeka CRO"]
[Date "2010.03.14"]
[Round "8"]
[White "Mazi,L"]
[Black "Kostanjsek,Z"]
[Result "1-0"]
[WhiteElo "2375"]
[BlackElo "2204"]

1.e4 d6 2.d4 Nf6 3.Nc3 e5 4.Nf3 Nbd7 5.g3 Be7 6.Bg2 O-O 7.O-O Re8 8.Re1 Bf8
9.h3 c6 10.a4 Qc7 11.Be3 b6 12.Qd2 Bb7 13.Nh4 g6 14.Kh2 a6 15.Bg5 Rac8 16.Re2 b5
17.Rd1 b4 18.Nb1 a5 19.b3 Ba6 20.Ree1 c5 21.dxe5 dxe5 22.Qe3 c4 23.Bf1 Ra8
24.Nd2 cxb3 25.cxb3 Bxf1 26.Rxf1 Be7 27.Nc4 Ra6 28.Nf3 Bc5 29.Qe2 Rae6 30.Rd2 Bf8
31.Rc2 Qb7 32.Nfd2 Qa6 33.Qf3 h6 34.Be3 Qa8 35.Rfc1 h5 36.Nb2 Kg7 37.Rc7 Ra6
38.Qe2 Bd6 39.R7c2 Nf8 40.Bg5 N6h7 41.Be3 Ne6 42.Nbc4 Bc7 43.Nf3 f6 44.Bd2 Re7
45.Ne3 Rd6 46.Nd5 Rxd5 47.exd5 Qxd5 48.Rc4 f5 49.Rd1 Qb7 50.Bc1 e4 51.Bb2+ Kf7
52.Nh4 Nhg5 53.Ba1 Nf8 54.Rc5 Nd7 55.Qc4+ Ne6 56.Rb5 Qa8 57.Nxg6 Kxg6 58.Rxd7  1-0

[Event "11th EICC Men"]
[Site "Rijeka CRO"]
[Date "2010.03.14"]
[Round "8"]
[White "Ris,R"]
[Black "Maslak,K"]
[Result "0-1"]
[WhiteElo "2422"]
[BlackElo "2560"]

1.d4 d6 2.e4 Nf6 3.Nc3 Nbd7 4.Nf3 e5 5.Bc4 Be7 6.O-O O-O 7.Re1 c6 8.a4 b6
9.Bg5 h6 10.Bh4 Qc7 11.d5 c5 12.Qd3 a6 13.Nd2 Qd8 14.Nf1 g6 15.f3 Nh5 16.Bf2 f5
17.Ne2 f4 18.c3 g5 19.b4 Nhf6 20.g4 h5 21.h3 Kg7 22.Nh2 Rh8 23.Kg2 hxg4 24.fxg4 Qe8
25.Ng1 Qg6 26.Re2 Bb7 27.Rb1 cxb4 28.Rxb4 Bd8 29.Nhf3 b5 30.axb5 a5 31.Rb1 Nb6
32.Ba2 Nbxd5 33.Rd1 Nxc3 34.Qxc3 Nxe4 35.Qd3 Rc8 36.Bd5 Bxd5 37.Qxd5 Nc3
38.Qxd6 Qxd6 39.Rxd6 Nxe2 40.Nxe2 Rc2 41.Rd2 Rxd2 42.Nxd2 Kf7 43.Nc3 Ke6
44.Nc4 Be7 45.b6 Bb4 46.Nb5 e4 47.Bd4 Rh7 48.Nc7+ Kd7 49.Nd5 Kc6 50.Nxb4+ axb4
51.Na5+ Kd5 52.Bf6 f3+ 53.Kf2 e3+ 54.Kxe3 f2 55.Kxf2 Rf7 56.Kg3 Rxf6 57.h4 gxh4+
58.Kxh4 Rxb6 59.Nb3 Kc4 60.Na5+ Kc3 61.g5 Rb5 62.Nc6 b3 63.g6 b2 64.g7 b1=Q
65.g8=Q Qh1+  0-1

[Event "11th EICC Men"]
[Site "Rijeka CRO"]
[Date "2010.03.15"]
[Round "9"]
[White "Sutovsky,E"]
[Black "Reinderman,D"]
[Result "1-0"]
[WhiteElo "2650"]
[BlackElo "2576"]

1.e4 d6 2.d4 Nf6 3.Nc3 e5 4.Nf3 Nbd7 5.Bc4 Be7 6.O-O O-O 7.a4 c6 8.Re1 b6
9.h3 a6 10.Ba2 Bb7 11.Nh4 Re8 12.Nf5 Bf8 13.dxe5 Nxe5 14.Bg5 h6 15.Bh4 b5
16.Re3 b4 17.Ne2 d5 18.exd5 cxd5 19.Qd4 Ned7 20.Rg3 Kh7 21.Nf4 Re5 22.c3 g6
23.Bb1 Bc5 24.Qd2 gxf5 25.Nd3 Qc7 26.Nxc5 Qxc5 27.Qf4 Ne4 28.cxb4 Qd4 29.Kh2 Qd2
30.Re3 Qxb2 31.Bxe4 dxe4 32.Rd1 Bd5 33.Rg3 Rae8 34.Bg5 R8e6 35.Qh4 Qxb4 36.Bf4 Qd6
37.Qd8 Rg6 38.Bxe5 Qxe5 39.Qxd7 Be6 40.Qd6 Qa5 41.Rd4 Rxg3 42.Qxg3 Qb6 43.Rd6 Qc7
44.Qe5 Qc2 45.Kg3 Kg6 46.Rd8 Qb3+ 47.Kh4 f6 48.Qg3+ Qxg3+ 49.Kxg3 Bc4 50.h4 Bb3
51.a5 Bc4 52.Kf4  1-0

[Event "11th EICC Men"]
[Site "Rijeka CRO"]
[Date "2010.03.15"]
[Round "9"]
[White "Dubrovic,M"]
[Black "Hetzer,V"]
[Result "1/2-1/2"]
[WhiteElo "1849"]
[BlackElo "2086"]

1.e4 d6 2.d4 Nf6 3.Nc3 c6 4.Nf3 Bg4 5.Be2 e6 6.O-O Be7 7.Re1 O-O 8.Be3 d5
9.e5 Nfd7 10.Nd2 Bxe2 11.Nxe2 c5 12.c3 Nc6 13.Ng3 cxd4 14.cxd4 f5 15.exf6 Nxf6
16.Nb3 Qd7 17.Rc1 Rae8 18.a3 a6 19.Bg5 Bd6 20.Rc2 Qf7 21.Rc3 Qg6 22.Bxf6 Rxf6
23.Nc5 Bxc5 24.Rxc5 Rf4 25.Ne2 Rg4 26.g3 Rf8 27.Rc3 Qe4 28.Re3 Qf5 29.Rf1 Re4
30.Qd2 h6 31.b4 Kh8 32.Rd3 Rg4 33.Re3 Re4 34.f3 Rxe3 35.Qxe3 e5 36.dxe5 Qxe5
37.Qxe5 Nxe5 38.Nf4 Rd8 39.Kf2 Nc4 40.a4 d4 41.Nd3 Re8 42.Rc1 Re3 43.Rxc4 Rxd3
44.Ke2 Re3+ 45.Kf2 Ra3 46.Rxd4 Rxa4 47.Ke3 a5 48.bxa5 Rxa5 49.Rb4 Rh5 50.h4 b5
51.Kd3 Kg8 52.Kc3 Kf7 53.Rd4 Rf5 54.f4 h5 55.Rd7+ Kg6 56.Kb4 Kf6 57.Rd6+ Kf7
58.Rb6 Rd5 59.Rc6 Rf5 60.Rd6 g6 61.Rd4 Kg7 62.Kc3 Rc5+ 63.Kd3 Kf6  1/2-1/2

[Event "11th EICC Women"]
[Site "Rijeka CRO"]
[Date "2010.03.15"]
[Round "9"]
[White "Partac,E"]
[Black "Nemcova,Kat"]
[Result "1/2-1/2"]
[WhiteElo "2172"]
[BlackElo "2264"]

1.e4 d6 2.d4 Nf6 3.Nc3 c6 4.h3 Nbd7 5.Nf3 e5 6.a4 Be7 7.a5 O-O 8.Be2 h6 9.O-O Re8
10.Be3 exd4 11.Bxd4 Bf8 12.Nd2 c5 13.Be3 Ne5 14.Nc4 Nc6 15.Bf3 Rb8 16.Qd2 Be6
17.Nd5 Bxd5 18.exd5 Ne5 19.Nxe5 dxe5 20.c4 b5 21.axb6 axb6 22.Rfd1 Re7 23.Qc2 Ne8
24.Rdb1 Rc7 25.Be2 Qh4 26.Qf5 Qe7 27.f4 exf4 28.Qxf4 Nd6 29.Bd3 g5 30.Qf3 Bg7
31.Bf2 b5 32.Bg3 bxc4 33.Bxd6 Qxd6 34.Bxc4 Re8 35.Ra6 Qe5 36.b3 Qd4+ 37.Kh1 Rce7
38.Rf1 Kh8 39.d6 Re1 40.Ra8 Rxf1+ 41.Bxf1 Rxa8 42.Qxa8+ Kh7 43.Qf3 Qxd6  1/2-1/2

[Event "11th EICC Men"]
[Site "Rijeka CRO"]
[Date "2010.03.15"]
[Round "9"]
[White "Berbatov,K"]
[Black "Solak,D"]
[Result "1-0"]
[WhiteElo "2481"]
[BlackElo "2553"]

1.e4 d6 2.d4 Nf6 3.Nc3 e5 4.Nf3 Nbd7 5.Bc4 Be7 6.O-O O-O 7.Re1 a6 8.a4 b6
9.Ne2 exd4 10.Nexd4 Bb7 11.Nf5 Ng4 12.N3d4 Nge5 13.Bd5 Bxd5 14.exd5 Bf6 15.f4 Ng6
16.Nc6 Qc8 17.Ra3 Re8 18.Rxe8+ Qxe8 19.Re3 Qf8 20.Qg4 Nb8 21.h4 Nxc6 22.dxc6 d5
23.h5 Qc5 24.Kh2 Qxc2 25.hxg6 hxg6 26.Ne7+ Bxe7 27.Rxe7 Qxc6 28.Bd2 Rd8 29.Qh4 Re8
30.b3 f6 31.Qe1 Rxe7 32.Qxe7 Kh7 33.Qe3 a5 34.g4 Qd6 35.Kg2 c5 36.g5 c4 37.bxc4 dxc4
38.Bc3 fxg5 39.Qe5 Qc6+ 40.Kf2 Qf6 41.Qxf6 gxf6 42.fxg5 fxg5 43.Ke3 Kg8 44.Kd4 Kf7
45.Kxc4 Ke6 46.Kb5 Kd7 47.Kxb6 Kc8 48.Ka7 g4 49.Bxa5 g3 50.Bb6 g2 51.a5 g5
52.a6 g4 53.Ka8 g3 54.Ka7 g1=Q 55.Bxg1 Kc7 56.Be3 Kc8 57.Bf4 g2 58.Bh2 g1=Q+
59.Bxg1 Kc7 60.Bh2+  1-0

[Event "11th EICC Men"]
[Site "Rijeka CRO"]
[Date "2010.03.15"]
[Round "9"]
[White "Anisimov,P2"]
[Black "Rukavina,J"]
[Result "1-0"]
[WhiteElo "2519"]
[BlackElo "2409"]

1.e4 d6 2.d4 Nf6 3.Nc3 e5 4.Nf3 Nbd7 5.Bc4 Be7 6.O-O O-O 7.a4 a5 8.Re1 c6
9.Ba2 Qb6 10.h3 exd4 11.Nxd4 Nc5 12.e5 dxe5 13.Rxe5 Bd6 14.Re1 Bd7 15.Bg5 Rae8
16.Rxe8 Rxe8 17.Bxf6 gxf6 18.Nb3 Qc7 19.Nxc5 Bxc5 20.Qh5 Bd4 21.Bxf7+ Kf8
22.Bxe8 Bxe8 23.Qh6+ Kg8 24.Rd1 Be5 25.Qd2 Qf7 26.Ne4  1-0

[Event "11th EICC Women"]
[Site "Rijeka CRO"]
[Date "2010.03.16"]
[Round "10"]
[White "Sikorova,O"]
[Black "Kochetkova,J"]
[Result "1/2-1/2"]
[WhiteElo "2256"]
[BlackElo "2313"]

1.e4 d6 2.d4 Nf6 3.Nc3 e5 4.dxe5 dxe5 5.Qxd8+ Kxd8 6.Bc4 Ke8 7.f3 a6 8.Bg5 Be6
9.Bxe6 fxe6 10.Nge2 Nc6 11.Be3 Bd6 12.Nd1 Ke7 13.Nf2 h6 14.h4 Nb4 15.Kd1 Nd7
16.c3 Nc6 17.Nd3 b5 18.b3 Na5 19.f4 Nc6 20.Kc2  1/2-1/2

[Event "11th EICC Men"]
[Site "Rijeka CRO"]
[Date "2010.03.16"]
[Round "10"]
[White "Schroll,G"]
[Black "Jovanovic,Zo CRO"]
[Result "1/2-1/2"]
[WhiteElo "2411"]
[BlackElo "2526"]

1.d4 d6 2.e4 Nf6 3.Nc3 e5 4.dxe5 dxe5 5.Qxd8+ Kxd8 6.Bc4 Ke8 7.f3 c6 8.a4 a5
9.Be3 Nbd7 10.Nge2 Bc5 11.Nd1  1/2-1/2

[Event "11th EICC Men"]
[Site "Rijeka CRO"]
[Date "2010.03.16"]
[Round "10"]
[White "Vuckovic,Bo"]
[Black "Halkias,S"]
[Result "1/2-1/2"]
[WhiteElo "2630"]
[BlackElo "2580"]

1.e4 d6 2.d4 Nf6 3.Nc3 e5 4.Nf3 Nbd7 5.Bc4 Be7 6.O-O O-O 7.Re1 c6 8.a4 a5
9.Ba2 h6 10.h3 Re8 11.Be3 Qc7 12.dxe5 dxe5 13.Nh4 Nf8 14.Qf3 Be6 15.Nf5 Bxa2
16.Nxa2 Ne6 17.Rad1 Rad8 18.Nc3 Kh8 19.Ne2 Rxd1 20.Rxd1 Rd8 21.Neg3 Bf8 22.Rd2 Ng5
23.Bxg5 hxg5 24.Nf1 Bc5 25.Nh6 Rxd2 26.Nxd2 Qe7 27.Ng4 Nd7 28.Nc4 b6 29.b3 Bd4
30.g3 Kg8 31.Kg2 g6 32.c3 Bc5 33.Qd3 Kf8 34.Nh2 f6 35.Nf3 Qe6 36.Ne1 Ke7
37.Qe2 Kd8 38.Qg4 Qxg4 39.hxg4 Kc7 40.Nd3 Be7 41.f4 gxf4 42.gxf4 exf4 43.Nxf4 Nc5
44.Nxg6 Bd8 45.Nd2 b5 46.axb5 cxb5 47.Nf4 Kc6 48.b4 axb4 49.cxb4 Na6 50.Nd5 Kd7
51.Nb1 Be7 52.Nbc3 Nxb4 53.Nxb5 Nc6 54.Kf3 Ke6 55.Kf4 Bf8 56.Ndc7+ Kf7 57.Kg3 Bc5
58.Nd5 Bf8 59.Kh4 Bc5 60.Kg3 Bf8 61.Nf4 Bc5 62.Nd3 Bf8 63.Kf3 Be7 64.Nc3 Bf8
65.Ne2 Bh6 66.Kg3 Bf8 67.Ng1 Bd6+ 68.Kg2 Nd4 69.Nf3 Ne6 70.Kf2 Bc7 71.Ke3 Bb6+
72.Kd2 Kg6 73.Ke2 Ba7 74.Nb4 Nf4+ 75.Kf1 Ne6 76.Kg2 Nf4+ 77.Kg3 Ne2+ 78.Kh3 Nc3
79.Nc6 Bc5 80.e5 fxe5 81.Ncxe5+ Kg7 82.Nh4 Ne4 83.Nf5+  1/2-1/2

[Event "11th EICC Women"]
[Site "Rijeka CRO"]
[Date "2010.03.16"]
[Round "10"]
[White "Jelica,M"]
[Black "Milliet,S"]
[Result "0-1"]
[WhiteElo "2235"]
[BlackElo "2391"]

1.e4 d6 2.d4 Nf6 3.Nc3 e5 4.Nf3 Nbd7 5.Bc4 Be7 6.O-O O-O 7.Re1 a6 8.a4 b6
9.b3 Bb7 10.Bb2 c6 11.Bd3 g6 12.dxe5 dxe5 13.Ne2 Qc7 14.Ng3 Rfe8 15.Qd2 Bf8
16.Qg5 Bg7 17.Rad1 b5 18.h4 h5 19.Bc3 Qb6 20.a5 Qc7 21.Qd2 c5 22.Ng5 Rad8
23.b4 c4 24.Bf1 Nb8 25.Qc1 Nc6 26.Bd2 Nd4 27.f3 c3 28.Be3 Bf8 29.Bxd4 exd4
30.e5 Bxb4 31.Nf5 gxf5 32.exf6 Qg3 33.Bd3 Bc5 34.Rf1 Bd6 35.Be4 Qh2+ 36.Kf2 Qxh4+
37.Ke2 fxe4 38.Rxd4 exf3+ 39.Kd3 Qxd4+  0-1

[Event "11th EICC Men"]
[Site "Rijeka CRO"]
[Date "2010.03.17"]
[Round "11"]
[White "Ter Sahakyan,S"]
[Black "Rukavina,J"]
[Result "1-0"]
[WhiteElo "2513"]
[BlackElo "2409"]

1.e4 d6 2.d4 Nf6 3.Nc3 e5 4.Nf3 Nbd7 5.Bc4 Be7 6.O-O O-O 7.Re1 a6 8.a4 b6
9.b3 c6 10.Bb2 Bb7 11.Bd3 Qc7 12.Ne2 g6 13.Ng3 Ne8 14.c4 Ng7 15.Qd2 c5 16.d5 a5
17.Qh6 Rae8 18.h4 f6 19.Qd2 h5 20.Qh6 Kf7 21.Nd2 Bc8 22.Rf1 Rh8 23.Qe3 g5
24.Nf3 Qd8 25.Bc1 g4 26.Nd2 Nf8 27.Nf5 Nxf5 28.exf5 Nd7 29.Ne4 Reg8 30.Bd2 Nb8
31.Rae1 Bd7 32.Ng3 Kf8 33.Kh2 Be8 34.Be4 Bf7 35.Qe2 Qe8 36.Bc3 Nd7 37.Rd1 Qb8
38.Rd3 Ke8 39.Rh1 Kd8 40.Kg1 Bf8 41.Kf1 Bh6 42.Ke1 Ke7 43.Kd1 Qf8 44.Kc2 Nb8
45.Rdd1 Na6 46.Kb1 Bf4 47.Nf1 Be8 48.g3 Bh6 49.Nh2 Bf7 50.Rdg1 Qe8 51.Rg2 Nb8
52.Rhg1 Nd7 53.Kb2 Rh7 54.f3 gxf3 55.Nxf3 Qf8 56.Ne1 Qe8 57.Nc2 Nb8 58.Na3 Na6
59.Nb5 Qb8 60.Bf3 Nc7 61.Na3 Qc8 62.Nb1 Be8 63.Be4 Bd7 64.Rf1 Be8 65.Be1 Bf7
66.Nc3 Qe8 67.Bf3 Rhh8 68.Kb1 Rh7 69.Ne4 Rhh8 70.Bc3 Na6 71.Rfg1 Nb8 72.Bb2 Na6
73.Nf2 Nb8 74.Bc3 Qc8 75.Be4 Nd7 76.Nd3 Kd8 77.Bf3 Bf8 78.Kb2 Nb8 79.Qe4 Na6
80.Re1 Nc7 81.Nf4 Qd7 82.Ne6+ Kc8 83.Reg1 Bh6 84.Qe2 Qe8 85.Qf2 Na6 86.Qe1 Kb7
87.Qe2 Ka7 88.Be1 Kb7 89.g4 hxg4 90.Bxg4 Ka7 91.Qf3 Kb7 92.Rf1 Nb8 93.Rfg1 Kc8
94.h5 Kb7 95.Qh3 Nd7 96.Be2 Nf8 97.Bh4 Nh7 98.Rg6 Ng5 99.Qg4 Bxg6 100.fxg6 Nxe6
101.dxe6 Qe7 102.Qf3+ Kc7 103.Qd5 Bg7 104.Bf3 Rb8 105.Qc6+ Kd8 106.Rd1  1-0

[Event "11th EICC Men"]
[Site "Rijeka CRO"]
[Date "2010.03.17"]
[Round "11"]
[White "Sgnaolin,D"]
[Black "Kurmann,O"]
[Result "0-1"]
[WhiteElo "2234"]
[BlackElo "2432"]

1.e4 d6 2.d4 Nf6 3.Nc3 Nbd7 4.Nf3 e5 5.Bc4 Be7 6.O-O O-O 7.Re1 a6 8.a4 b6
9.b3 c6 10.d5 c5 11.Bd3 Ne8 12.Nd2 g6 13.Nf1 Ng7 14.Ng3 h5 15.Be3 Nf6 16.f3 h4
17.Nf1 Nfh5 18.Qd2 Nf4 19.Ne2 Ngh5 20.b4 Nxe2+ 21.Bxe2 a5 22.bxc5 bxc5 23.Rab1 Nf4
24.Bb5 h3 25.g3 Ng2 26.Bh6 Nxe1 27.Qxe1 Bg5 28.Bxf8 Kxf8 29.Bc6 Ra7 30.Rb8 Kg7
31.Qb1 Qc7 32.Qb6 f5 33.Qxc7+ Rxc7 34.Bb5 fxe4 35.fxe4 Bg4 36.Rb6 Rf7 37.Rxd6 Bc1
38.Be8 Bb2 39.Ne3 Rf3 40.Rxg6+ Kf8 41.Bb5 Bd4 42.Rxg4 Bxe3+ 43.Kh1 Rf2 44.Rg6 Kf7  0-1

[Event "Dos Hermanas Blitz Final"]
[Site "ICC INT"]
[Date "2010.03.19"]
[Round "1.2"]
[White "Hammer,J"]
[Black "Karim,I"]
[Result "1-0"]
[WhiteElo "2617"]
[BlackElo "2407"]

1.e4 d6 2.d4 Nf6 3.Nc3 e5 4.dxe5 dxe5 5.Qxd8+ Kxd8 6.Bc4 Ke8 7.Nf3 Bd6 8.Bg5 Nbd7
9.Nd2 a6 10.Bb3 b5 11.a4 Rb8 12.axb5 axb5 13.Nd5 Nxd5 14.Bxd5 Nb6 15.Bc6+ Bd7
16.Bxd7+ Kxd7 17.O-O-O Ra8 18.c3 Ke6 19.Kc2 b4 20.Ra1 bxc3 21.bxc3 Bc5 22.Bh4 f6
23.Nb3 Bd6 24.f3 Nc4 25.Bf2 Rhd8 26.Rxa8 Rxa8 27.Kd3 Nb2+ 28.Kc2 Nc4 29.Kd3 Ra2
30.Rf1 Nb2+ 31.Kc2 Na4+ 32.Kd3 c5 33.Kc4 Nb2+ 34.Kb5 Nd3 35.Be3 g6 36.Rd1 Nb2
37.Rd2 c4 38.Na5 Rxa5+ 39.Kxa5 Nd3 40.Kb5 f5 41.Kxc4 fxe4 42.fxe4 Nf4 43.Bxf4 exf4
44.Rd5  1-0